Statistics for Click the State

Click here to take the quiz!

General Stats

  • This quiz has been taken 166 times
  • The average score is 12 of 15

Answer Stats

HintAnswer% Correct
TampaFlorida
93%
PortlandOregon
89%
TucsonArizona
85%
El PasoTexas
85%
OaklandCalifornia
83%
NewarkNew Jersey
82%
BoulderColorado
81%
TulsaOklahoma
80%
Kansas CityMissouri
76%
SyracuseNew York
71%
SpokaneWashington
71%
DurhamNorth Carolina
65%
LexingtonKentucky
64%
Ann ArborMichigan
64%
Fort WayneIndiana
61%

Score Distribution

Percentile by Number Answered

Percent of People with Each Score

Your Score History

You have not taken this quiz